| 000 | 00613nam a2200169 a 4500 | ||
|---|---|---|---|
| 008 | 060316s1988 ||||||||||||||||| || u | ||
| 020 | _a0070414807 | ||
| 050 | _aQA 303 Men | ||
| 100 | _aMendelson, Elliot | ||
| 245 | 1 | 0 | _aSchaum's 3000 solved problems in calculus / |
| 260 |
_aNew York : _bMcGraw-Hill _c1988. |
||
| 300 | _avi, 445p. : ill | ||
| 350 | _a0.00 | ||
| 650 | _aCALCULUS--PROBLEMS, EXCERCISES, ETC | ||
| 650 | 0 | _aMATHEMATICS--HANDBOOKS, MANUALS, ETC | |
| 995 |
_D0.00 _FCBU-MAIN LIBRARY (Kitwe) _H1 _I0.00 _M1 _UAVAILABLE _WDec 7, 2007 _ZShort Loan Collection |
||
| 999 |
_c57010 _d57010 |
||